[Zákon o dohľade nad finančným trhom]

Recenzia na publikáciu Zákon o dohľade nad finančným trhom: komentár, ktorá prináša rozbor osobitostí regulácie dohľadu nad finančným trhom a komplexne spracováva komentár k právnemu predpisu zákona č. 747/2004 Z.z. o dohľade nad finančným trhom a o zmene a doplnení niektorých zákonov v znení neskor...

Descrizione completa

Salvato in:
Dettagli Bibliografici
Autore principale: Veterníková, Mária, 1964-
Natura: Capitolo di libro
Lingua:slovacco
Soggetti:
Tags: Aggiungi Tag
Nessun Tag, puoi essere il primo ad aggiungerne!!

MARC

LEADER 00000naa a2200000 4500
001 0264981
005 20260205072430.9
041 0 |a slo 
044 |a SK 
245 1 0 |a [Zákon o dohľade nad finančným trhom]  |c Mária Veterníková 
520 |a Recenzia na publikáciu Zákon o dohľade nad finančným trhom: komentár, ktorá prináša rozbor osobitostí regulácie dohľadu nad finančným trhom a komplexne spracováva komentár k právnemu predpisu zákona č. 747/2004 Z.z. o dohľade nad finančným trhom a o zmene a doplnení niektorých zákonov v znení neskorších predpisov. 
610 2 0 |a dohľad nad finančným trhom 
610 2 0 |a recenzie 
610 2 0 |a komentáre 
610 2 0 |a trh finančný 
610 2 0 |a zákony 
100 1 |a Veterníková, Mária, 1964-